[Event "Lichtenberger Sommer 2024"]
[Site "Berlin"]
[Date "2024.08.18"]
[Round "9.26"]
[White "Buttkus, Andre"]
[Black "Thümler, Floris"]
[Result "1/2-1/2"]
[WhiteElo "2005"]
[BlackElo "1874"]
[PlyCount "36"]
[EventDate "2024.08.10"]
[WhiteTeam "SK Tempelhof 1931 e.V."]
[BlackTeam "SV Königsjäger Süd-West e.V."]

1. d4 d5 2. c4 e6 3. Nc3 c6 4. e3 Nf6 5. Nf3 Nbd7 6. Bd3 dxc4 7. Bxc4 b5 8. Bd3
Bb7 9. O-O a6 10. b3 c5 11. Bb2 Be7 12. Rc1 O-O 13. Qe2 Bxf3 14. Qxf3 cxd4 15.
exd4 Nb6 16. Ne4 Nbd5 17. Nc5 Qb6 18. Bb1 Rac8 1/2-1/2

[Event "Lichtenberger Sommer 2024"]
[Site "Berlin"]
[Date "2024.08.18"]
[Round "9.27"]
[White "Bongardt, Livius"]
[Black "Bornschein, Burkhard"]
[Result "1-0"]
[WhiteElo "1875"]
[BlackElo "1996"]
[PlyCount "137"]
[EventDate "2024.08.10"]
[WhiteTeam "TSG Oberschöneweide e.V."]
[BlackTeam "BSC Rehberge 1945 e.V."]

1. e4 c5 2. Nf3 d6 3. d4 cxd4 4. Nxd4 Nf6 5. Nc3 g6 6. Be3 Bg7 7. f3 O-O 8. Bc4
Nc6 9. Qd2 Bd7 10. O-O-O Ne5 11. Bb3 Rc8 12. Kb1 Nc4 13. Bxc4 Rxc4 14. g4 a6
15. g5 Nh5 16. Nde2 Re8 17. Nd5 Be6 18. Ng3 Bxd5 19. Qxd5 Rb4 20. b3 Rb5 21.
Qd2 Qc7 22. Ne2 Rc8 23. Rhg1 Ra5 24. Rc1 b6 25. c4 Qd8 26. Rgd1 Qc7 27. Nc3 Qb7
28. Nd5 Rac5 29. Qb4 R5c6 30. a4 e6 31. Nf4 Nxf4 32. Bxf4 d5 33. cxd5 Rxc1+ 34.
Bxc1 exd5 35. exd5 Qc7 36. Qc4 Qd7 37. Qe4 Qd6 38. f4 b5 39. Ka2 bxa4 40. bxa4
Rb8 41. h4 Qb6 42. Qc2 Qd6 43. Qc4 Qb6 44. Qc2 Qb7 45. Rd3 Qd7 46. Ba3 Rc8 47.
Qb3 Qg4 48. d6 Qe2+ 49. Kb1 Qe1+ 50. Rd1 Qe4+ 51. Qd3 Rb8+ 52. Ka2 Qe6+ 53. Qd5
Qe2+ 54. Rd2 Qe1 55. Bb2 Rd8 56. Bxg7 Kxg7 57. Qe5+ Qxe5 58. fxe5 Kf8 59. Kb3
Ke8 60. Rc2 Rb8+ 61. Kc4 Rc8+ 62. Kd3 Rb8 63. Kd4 Rb4+ 64. Rc4 Rb1 65. Kd5 Rd1+
66. Kc6 Re1 67. Kc7 Rd1 68. Kc8 Rd2 69. Rc7 1-0

[Event "Lichtenberger Sommer 2024"]
[Site "Berlin"]
[Date "2024.08.18"]
[Round "9.28"]
[White "Liu, Jonas"]
[Black "Shvedchikov, Sergei"]
[Result "1-0"]
[WhiteElo "1870"]
[BlackElo "1993"]
[PlyCount "105"]
[EventDate "2024.08.10"]
[WhiteTeam "SV Königsjäger Süd-West e.V."]
[BlackTeam "vereinslos"]

1. e4 c6 2. d4 d5 3. exd5 cxd5 4. c4 e6 5. Nc3 Nf6 6. Nf3 Nc6 7. c5 Be7 8. Bb5
Bd7 9. Bxc6 Bxc6 10. b4 Ne4 11. Nxe4 dxe4 12. Ne5 Qd5 13. a4 O-O 14. Bb2 Rfd8
15. b5 Be8 16. O-O f6 17. Ng4 Bh5 18. Ne3 Qg5 19. Qb3 Kf7 20. c6 bxc6 21. bxc6
f5 22. Nc4 Rd5 23. Kh1 Rc8 24. Qb7 Rdd8 25. Ba3 Kf8 26. c7 Re8 27. Qc6 Kg8 28.
Rfc1 Qf4 29. Qxe6+ Bf7 30. Qe5 Bg5 31. Qxf4 Bxf4 32. Nd6 Bxc1 33. Rxc1 Bb3 34.
Nxe8 Rxe8 35. c8=Q Rxc8 36. Rxc8+ Kf7 37. Rc7+ Kf6 38. Rxa7 h5 39. d5 Bxd5 40.
Bb2+ Ke6 41. Rxg7 f4 42. Kg1 Kd6 43. a5 Kc5 44. a6 Kb6 45. Rg6+ Ka7 46. Bd4+
Kb8 47. a7+ Kc7 48. Rh6 f3 49. Rxh5 fxg2 50. Rxd5 Kb7 51. Rd8 e3 52. a8=Q+ Kc7
53. Qc8# 1-0

[Event "Lichtenberger Sommer 2024"]
[Site "Berlin"]
[Date "2024.08.18"]
[Round "9.29"]
[White "Özates, Mert"]
[Black "Scholz, Alexander"]
[Result "0-1"]
[WhiteElo "1854"]
[BlackElo "1977"]
[PlyCount "152"]
[EventDate "2024.08.10"]
[WhiteTeam "SG NARVA Berlin e.V."]
[BlackTeam "Sfr.Heidesheim"]

1. e4 c5 2. Nf3 g6 3. Bc4 Bg7 4. c3 e6 5. O-O Ne7 6. d4 cxd4 7. Nxd4 d5 8. exd5
Nxd5 9. Nb5 a6 10. Qa4 O-O 11. Bxd5 exd5 12. Nd4 Bd7 13. Qb3 Nc6 14. Nxc6 bxc6
15. Be3 Re8 16. Nd2 Qc7 17. Nf3 a5 18. Qc2 c5 19. Qd2 Qc6 20. Rad1 Be6 21. Rfe1
Rab8 22. Bf4 Rb7 23. Ne5 Qb6 24. b3 a4 25. bxa4 Qa6 26. Bh6 Bf6 27. Ng4 Be7 28.
Qf4 Bxg4 29. Qxg4 Qc6 30. Qf3 Rd8 31. c4 Rbd7 32. cxd5 Rxd5 33. Rxd5 Qxd5 34.
Qxd5 Rxd5 35. g3 Rd7 36. Rb1 f6 37. Be3 Kf7 38. Kf1 Ke6 39. Ke2 Ra7 40. Rb8
Rxa4 41. Rb2 Bd6 42. Rc2 Kd5 43. Rd2+ Kc6 44. Kd3 Ra3+ 45. Kc4 Be5 46. Rc2 Bd6
47. Rd2 Ra4+ 48. Kd3 c4+ 49. Ke2 Be5 50. f4 Ba1 51. Rc2 f5 52. h3 h5 53. Kf3
Kb5 54. g4 Ra3 55. gxf5 Bd4 56. Re2 gxf5 57. Kf2 Bf6 58. Rd2 Kc6 59. Ke2 Be7
60. Kf2 Rc3 61. Rb2 Bc5 62. Bxc5 Kxc5 63. Re2 Rxh3 64. Re5+ Kd4 65. Rxf5 c3 66.
Ke2 h4 67. Kd1 Rh1+ 68. Kc2 h3 69. Rh5 h2 70. f5 Ra1 71. Rh4+ Ke5 72. Kxc3 h1=Q
73. Rxh1 Rxh1 74. Kb4 Rf1 75. Kb5 Kd6 76. f6 Kc7 0-1

[Event "Lichtenberger Sommer 2024"]
[Site "Berlin"]
[Date "2024.08.18"]
[Round "9.30"]
[White "Semahin, Volodymyr"]
[Black "Schmidt, Florian Pascal"]
[Result "1/2-1/2"]
[WhiteElo "1715"]
[BlackElo "1959"]
[PlyCount "96"]
[EventDate "2024.08.10"]
[WhiteTeam "vereinslos"]
[BlackTeam "BSV 63 Chemie Weißensee"]

1. d4 Nf6 2. c4 e6 3. Nf3 d5 4. Nc3 Be7 5. Bg5 O-O 6. e3 h6 7. Bh4 Ne4 8. Bxe7
Qxe7 9. cxd5 Nxc3 10. bxc3 exd5 11. Bd3 Be6 12. Qb3 c5 13. c4 dxc4 14. Bxc4
Bxc4 15. Qxc4 Nd7 16. O-O cxd4 17. exd4 Nb6 18. Qb3 Rfd8 19. Rfe1 Qf6 20. Re4
Rac8 21. Rae1 Rc7 22. Qa3 Kh7 23. g3 a6 24. Kg2 Nd5 25. Rc1 Rxc1 26. Qxc1 Qd6
27. Ne5 Kg8 28. Qc5 Nf6 29. Qxd6 Rxd6 30. Rf4 Kf8 31. Nc4 Rd8 32. Kf3 Ke7 33.
Ne3 g6 34. Ke2 b5 35. Kd3 h5 36. Nc2 a5 37. Na3 Rd5 38. Rf3 g5 39. Re3+ Kd6 40.
Rf3 Ng4 41. Ke4 Ke6 42. Rxf7 Rxd4+ 43. Kxd4 Kxf7 44. Nxb5 Nxh2 45. Ke4 Kg6 46.
Nd6 Ng4 47. f4 Nf2+ 48. Ke3 Nd1+ 1/2-1/2

[Event "Lichtenberger Sommer 2024"]
[Site "Berlin"]
[Date "2024.08.18"]
[Round "9.31"]
[White "Arikan, Yanki"]
[Black "Beran, Rolf-Dietrich"]
[Result "0-1"]
[WhiteElo "1573"]
[BlackElo "1957"]
[PlyCount "106"]
[EventDate "2024.08.10"]
[WhiteTeam "vereinslos"]
[BlackTeam "SG Rot-Weiß Neuenhagen"]

1. e4 c5 2. Nc3 Nc6 3. Bb5 a6 4. Bxc6 dxc6 5. d3 g6 6. f4 Bg7 7. Nf3 e6 8. O-O
Ne7 9. Qe1 b6 10. Kh1 Qc7 11. a4 a5 12. Be3 Ba6 13. Nd2 Bd4 14. Nc4 Bxc4 15.
dxc4 Bxe3 16. Qxe3 O-O-O 17. Ne2 h6 18. h3 Rhg8 19. c3 Qd6 20. b4 Qd2 21. Qf2
axb4 22. cxb4 Qxb4 23. Rfb1 Qa5 24. Qf3 Kd7 25. Qb3 Ke8 26. Kh2 Nc8 27. f5 gxf5
28. exf5 Qd2 29. Re1 Rd3 30. Qb1 Qg5 31. Rg1 Qxf5 32. Qb2 Re3 33. Qc1 Qe5+ 34.
Kh1 Rxe2 35. a5 Rg3 36. Ra3 Rxa3 37. Qxa3 bxa5 38. Qxa5 Nd6 39. Qa8+ Ke7 40.
Qxc6 Re1 41. Qc7+ Kf8 42. Qd8+ Ne8 43. Qa5 Rxg1+ 44. Kxg1 Qd4+ 45. Kh2 Qf4+ 46.
Kh1 Qxc4 47. Qd2 Qf1+ 48. Kh2 Qf6 49. Qc2 Qd4 50. Qc1 h5 51. Qh6+ Ng7 52. Qh8+
Ke7 53. Qb8 Qd6+ 0-1

[Event "Lichtenberger Sommer 2024"]
[Site "Berlin"]
[Date "2024.08.18"]
[Round "9.32"]
[White "Costello, Colin"]
[Black "Kretzschmar, Jan"]
[Result "1/2-1/2"]
[WhiteElo "1956"]
[BlackElo "1869"]
[PlyCount "94"]
[EventDate "2024.08.10"]
[WhiteTeam "SC Zugzwang 95 e.V."]
[BlackTeam "SC Kreuzberg e.V."]

1. c4 e5 2. Nc3 Nf6 3. Nf3 Nc6 4. g3 g6 5. Bg2 Bg7 6. d3 h6 7. Rb1 d6 8. b4 O-O
9. b5 Ne7 10. Ba3 Nd7 11. O-O Nc5 12. Ne4 Ne6 13. Qb3 Kh7 14. Nc3 f5 15. Nd5 f4
16. Nxe7 Qxe7 17. Bb2 Ng5 18. Nxg5+ Qxg5 19. Rbd1 Rb8 20. d4 Bg4 21. Bf3 e4 22.
Bxg4 Qxg4 23. f3 Qe6 24. d5 Qe7 25. Bxg7 Kxg7 26. Qc3+ Kh7 27. fxe4 Qxe4 28.
Qd3 Rbe8 29. gxf4 Qxe2 30. Rf2 Qxd3 31. Rxd3 Re4 32. Ra3 Rxc4 33. Rxa7 b6 34.
Re2 Rf7 35. Kf2 Kg7 36. Kg3 Rcxf4 37. Rxc7 Rxc7 38. Kxf4 Rc4+ 39. Ke3 Rc5 40.
Kd4 Rxb5 41. Re6 Rb4+ 42. Kc3 Ra4 43. Kb3 b5 44. Rxd6 Rd4 45. Kc3 Ra4 46. Kb3
Rd4 47. Kc3 Ra4 1/2-1/2

[Event "Lichtenberger Sommer 2024"]
[Site "Berlin"]
[Date "2024.08.18"]
[Round "9.33"]
[White "Drave, Samuel"]
[Black "Argote, Carlos David"]
[Result "0-1"]
[WhiteElo "1757"]
[BlackElo "1941"]
[PlyCount "98"]
[EventDate "2024.08.10"]
[WhiteTeam "SV Berolina Mitte e.V."]
[BlackTeam "SK Zehlendorf e.V."]

1. d4 Nf6 2. c4 c5 3. d5 e6 4. Nc3 exd5 5. cxd5 d6 6. e4 g6 7. Bd3 Bg7 8. Nge2
h5 9. Bg5 a6 10. a4 Nbd7 11. O-O Ne5 12. Bc2 Qb6 13. a5 Qc7 14. Nc1 Nh7 15. Bf4
h4 16. Bxe5 Bxe5 17. Nd3 Bd4 18. Na4 h3 19. g3 O-O 20. Nb6 Rb8 21. Nxc8 Qxc8
22. Ra2 b5 23. b4 Nf6 24. Nc1 Bc3 25. bxc5 Qxc5 26. Nb3 Qa7 27. Qf3 Rbc8 28. g4
Kg7 29. g5 Nh5 30. Nc1 Qe7 31. Qe3 Qe5 32. Nd3 Qd4 33. Qxd4+ Bxd4 34. Nb4 Ra8
35. Nc6 Bc5 36. Rb1 Nf4 37. Kf1 Rh8 38. Rb3 f6 39. gxf6+ Kxf6 40. Rg3 g5 41.
Rc3 Ng6 42. Rf3+ Kg7 43. Rf5 Raf8 44. Bd3 Rxf5 45. exf5 Nf4 46. Be4 Kf6 47. Ra1
Re8 48. f3 g4 49. Rb1 g3 0-1

[Event "Lichtenberger Sommer 2024"]
[Site "Berlin"]
[Date "2024.08.18"]
[Round "9.34"]
[White "Meister, Alexander"]
[Black "Potgieter, Edward"]
[Result "0-1"]
[WhiteElo "1925"]
[BlackElo "1848"]
[PlyCount "54"]
[EventDate "2024.08.10"]
[WhiteTeam "vereinslos"]
[BlackTeam "Johannesburg Metro Chess"]

1. d4 Nf6 2. c4 e6 3. Nc3 Bb4 4. Bd2 d5 5. e3 O-O 6. a3 Be7 7. Nf3 Nbd7 8. cxd5
exd5 9. Bd3 Re8 10. Rc1 a6 11. O-O Bd6 12. b4 Nf8 13. h3 Ng6 14. Qb3 c6 15. Qb1
Qe7 16. Na4 Bc7 17. Bf5 Ne4 18. Bxc8 Raxc8 19. g3 Qf6 20. Kg2 Qxf3+ 21. Kxf3
Nxd2+ 22. Kg2 Nxb1 23. Rxb1 Rb8 24. Nc5 Red8 25. a4 Bb6 26. Rbc1 Bxc5 27. Rxc5
Ne7 0-1

[Event "Lichtenberger Sommer 2024"]
[Site "Berlin"]
[Date "2024.08.18"]
[Round "9.35"]
[White "Cox, Johannes"]
[Black "Schmidt, Jürgen"]
[Result "1-0"]
[WhiteElo "1400"]
[BlackElo "1915"]
[PlyCount "87"]
[EventDate "2024.08.10"]
[WhiteTeam "vereinslos"]
[BlackTeam "SC Kreuzberg e.V."]

1. d4 d5 2. c4 c6 3. Nf3 Nf6 4. e3 e6 5. Nc3 Nbd7 6. Bd3 dxc4 7. Bxc4 b5 8. Bd3
a6 9. e4 b4 10. Na4 Bb7 11. O-O Be7 12. Qe2 h6 13. Bd2 Qa5 14. b3 Qh5 15. Rac1
e5 16. dxe5 Nxe5 17. Nxe5 Qxe5 18. f4 Qa5 19. Be3 O-O 20. Bb6 Qh5 21. Qxh5 Nxh5
22. e5 g6 23. f5 gxf5 24. Rxf5 Ng7 25. Rf2 Ne6 26. Be3 Bg5 27. Bxg5 hxg5 28.
Rf5 c5 29. Bc4 Bc6 30. Bxe6 fxe6 31. Rxg5+ Kh7 32. Rc4 Kh6 33. Rg3 Rf5 34. Rh4+
Rh5 35. Rxh5+ Kxh5 36. Nxc5 Bd5 37. Nd7 Rc8 38. Nf6+ Kh6 39. Nxd5 Rc1+ 40. Kf2
exd5 41. e6 Rc8 42. Ke2 Re8 43. Re3 Kg6 44. e7 1-0

[Event "Lichtenberger Sommer 2024"]
[Site "Berlin"]
[Date "2024.08.18"]
[Round "9.36"]
[White "Grillich, Alexander"]
[Black "Bruening, Wolfgang"]
[Result "1-0"]
[WhiteElo "1915"]
[BlackElo "1840"]
[PlyCount "106"]
[EventDate "2024.08.10"]
[WhiteTeam "SC Rochade e.V."]
[BlackTeam "vereinslos"]

1. e4 e6 2. d3 c5 3. g3 Nc6 4. Bg2 g6 5. c3 Bg7 6. Ne2 Nge7 7. Be3 d6 8. O-O
O-O 9. Nd2 Rb8 10. Nf3 b6 11. Qd2 Kh8 12. Bh6 Ne5 13. Bxg7+ Kxg7 14. Rfd1 Ba6
15. Ne1 Qc7 16. b3 Rbd8 17. d4 Bxe2 18. Qxe2 Nd7 19. Rac1 e5 20. Nc2 Rde8 21.
Bh3 Nb8 22. dxe5 dxe5 23. Ne3 a6 24. Rd2 Rd8 25. Rcd1 Rxd2 26. Qxd2 Nbc6 27.
Ng4 Ng8 28. Qd6 Qxd6 29. Rxd6 Nge7 30. Bf1 h5 31. Ne3 a5 32. Nd5 Rb8 33. Bb5
Na7 34. Bf1 Nac6 35. Bh3 b5 36. Bd7 Rd8 37. Rxc6 Nxc6 38. Bxc6 b4 39. c4 g5 40.
Kf1 Kg6 41. Ke2 g4 42. Ne3 Kg5 43. Bd5 Rd7 44. Nc2 h4 45. Ne1 hxg3 46. hxg3 f6
47. Nc2 Ra7 48. a4 Rh7 49. Ne1 Rc7 50. Nd3 Rc8 51. Be6 Rc6 52. Bf5 Rc7 53. Ne1
Rc8 1-0

[Event "Lichtenberger Sommer 2024"]
[Site "Berlin"]
[Date "2024.08.18"]
[Round "9.37"]
[White "Jahn, Thomas"]
[Black "Pröschild, Matthias"]
[Result "1/2-1/2"]
[WhiteElo "2165"]
[BlackElo "1867"]
[PlyCount "44"]
[EventDate "2024.08.10"]
[WhiteTeam "SV Empor Berlin e.V."]
[BlackTeam "BSV 63 Chemie Weißensee"]

1. e4 g6 2. d4 Bg7 3. Nf3 d6 4. Bc4 Nf6 5. Qe2 O-O 6. h3 c6 7. Bb3 Nbd7 8. O-O
e5 9. dxe5 dxe5 10. a4 Qe7 11. c3 Nc5 12. Bc2 b6 13. Re1 Ba6 14. Qe3 Rad8 15.
a5 Bd3 16. b4 Bxc2 17. bxc5 Qxc5 18. Qxc5 bxc5 19. Nbd2 Bh6 20. Nc4 Bxc1 21.
Raxc1 Bxe4 22. Nfxe5 Bd5 1/2-1/2

[Event "Lichtenberger Sommer 2024"]
[Site "Berlin"]
[Date "2024.08.18"]
[Round "9.38"]
[White "Kuban, Andreas"]
[Black "Sabrowski, Uwe"]
[Result "1/2-1/2"]
[WhiteElo "1866"]
[BlackElo "1992"]
[PlyCount "160"]
[EventDate "2024.08.10"]
[WhiteTeam "SSV Rotation Berlin e.V."]
[BlackTeam "SC Friesen Lichtenberg e.V."]

1. Nf3 d5 2. g3 Nf6 3. Bg2 Nc6 4. d4 Bg4 5. Ne5 Bd7 6. c4 e6 7. O-O Bd6 8. cxd5
exd5 9. Nc3 Nxe5 10. dxe5 Bxe5 11. Nxd5 Bc6 12. Bg5 Bxd5 13. Bxf6 Qxf6 14. Qxd5
c6 15. Qb3 Qe7 16. Rad1 O-O 17. Rd3 Rad8 18. Rfd1 Rxd3 19. Rxd3 Qc7 20. Bh3 Bd6
21. Qa4 Bc5 22. Rd7 Qb6 23. Qf4 Qxb2 24. Qc4 b6 25. Rxa7 Qf6 26. Qf4 Qxf4 27.
gxf4 Bd6 28. e3 Rb8 29. Bg2 Rc8 30. a4 Kf8 31. Rb7 Bc5 32. Kf1 g6 33. Ke2 Kg7
34. Kd3 b5 35. axb5 cxb5 36. Rxb5 Rd8+ 37. Kc4 Be7 38. Rb7 Bh4 39. Bd5 Bxf2 40.
Rxf7+ Kh6 41. e4 Bg1 42. h3 Bh2 43. e5 g5 44. Rf6+ Kg7 45. Rf7+ Kh6 46. fxg5+
Kxg5 47. e6 Re8 48. Rxh7 Bd6 49. Kd4 Re7 50. Rh8 Kg6 51. Rd8 Bc7 52. Rc8 Bd6
53. Bb3 Kf6 54. Rf8+ Kg7 55. Rd8 Bc7 56. Rc8 Bd6 57. Kd5 Bg3 58. Ba4 Bh4 59.
Bd7 Bg5 60. Kd6 Kh7 61. Rc4 Rg7 62. h4 Be7+ 63. Ke5 Rg1 64. Rf4 Rg7 65. Be8 Ba3
66. Bf7 Be7 67. Rd4 Rg1 68. Rf4 Rc1 69. Kd4 Bd6 70. Rg4 Be7 71. h5 Rc7 72. Rg2
Ra7 73. Kd5 Rc7 74. Bg6+ Kh6 75. Rf2 Bb4 76. Be8 Re7 77. Rf6+ Kg7 78. Rg6+ Kh7
79. Bf7 Rc7 80. Be8 Rc5+ 1/2-1/2

[Event "Lichtenberger Sommer 2024"]
[Site "Berlin"]
[Date "2024.08.18"]
[Round "9.40"]
[White "Sklorz, Tobias"]
[Black "Simcaks, Sergejs"]
[Result "1-0"]
[WhiteElo "1843"]
[BlackElo "1955"]
[PlyCount "129"]
[EventDate "2024.08.10"]
[WhiteTeam "TSV Mariendorf 1897"]
[BlackTeam "SSC Graal-Müritz"]

1. e4 Nf6 2. Nc3 d5 3. e5 Ne4 4. d4 Bf5 5. g4 Bg6 6. h4 h5 7. g5 c5 8. Nxe4
Bxe4 9. f3 Bf5 10. Be3 cxd4 11. Bxd4 Nc6 12. c3 e6 13. b4 a6 14. a4 Be7 15. b5
axb5 16. Bxb5 O-O 17. Ne2 Qc7 18. Ng3 Nxd4 19. cxd4 Qc3+ 20. Kf2 Qb2+ 21. Ne2
Rfc8 22. Bd3 Bxd3 23. Qxd3 Qc2 24. Qxc2 Rxc2 25. Rhc1 Rac8 26. Rxc2 Rxc2 27.
Rb1 Rc7 28. Ke3 Kf8 29. Nf4 g6 30. Nd3 Ke8 31. Rb5 Kd8 32. Nc5 b6 33. Rxb6 Bxc5
34. dxc5 Rxc5 35. Rb7 Ke8 36. Rb4 Rc3+ 37. Kd4 Rxf3 38. Kc5 Kd7 39. Kb6 Kc8 40.
a5 Kb8 41. Ka6+ Kc7 42. Ka7 Kc6 43. a6 Ra3 44. Rb6+ Kc5 45. Kb7 Kd4 46. a7
Rxa7+ 47. Kxa7 Kxe5 48. Rb4 d4 49. Kb6 Kd5 50. Kb5 e5 51. Ka4 Ke4 52. Kb5 Kf3
53. Kc4 Kg3 54. Rb1 Kxh4 55. Rg1 Kh3 56. Kd3 Kh2 57. Re1 Kg3 58. Rxe5 h4 59.
Kxd4 Kf4 60. Re7 Kxg5 61. Rxf7 Kg4 62. Ke3 g5 63. Rg7 h3 64. Kf2 Kf4 65. Kg1
1-0

[Event "Lichtenberger Sommer 2024"]
[Site "Berlin"]
[Date "2024.08.18"]
[Round "9.41"]
[White "Reiche, Henry"]
[Black "Schmitz, Christopher"]
[Result "1-0"]
[WhiteElo "1945"]
[BlackElo "1817"]
[PlyCount "95"]
[EventDate "2024.08.10"]
[WhiteTeam "SG Weißensee 49 e.V."]
[BlackTeam "TSG Oberschöneweide e.V."]

1. e4 c6 2. d4 d5 3. exd5 cxd5 4. c4 Nf6 5. Nc3 Nc6 6. Nf3 a6 7. Be2 g6 8. O-O
Bg7 9. h3 O-O 10. Be3 Re8 11. a3 h6 12. c5 b6 13. cxb6 Qxb6 14. Qd2 Kh7 15. Ne5
Be6 16. b4 Na7 17. Na4 Qd6 18. Nc5 Ne4 19. Nxe4 dxe4 20. Nc4 Qd8 21. Rac1 Nb5
22. Rfd1 Nd6 23. Na5 Bd7 24. Nb3 Ba4 25. Rb1 Nb5 26. Bxb5 axb5 27. Rdc1 Qd5 28.
Rc5 Qd6 29. Nc1 e6 30. Ne2 Rac8 31. Rbc1 Rxc5 32. Rxc5 Rd8 33. Bf4 e5 34. Bg3
f5 35. d5 f4 36. Bh2 f3 37. Nc3 Qd7 38. Nxe4 Qf5 39. Qd3 fxg2 40. Kxg2 Bb3 41.
Rxb5 Rc8 42. Rc5 Rf8 43. f3 Ba4 44. Rc7 Bd7 45. Nf2 Qg5+ 46. Kh1 Bf5 47. Qe2
Qd8 48. Bxe5 1-0

[Event "Lichtenberger Sommer 2024"]
[Site "Berlin"]
[Date "2024.08.18"]
[Round "9.42"]
[White "Federau, Jürgen"]
[Black "Guder, Sibylle"]
[Result "1-0"]
[WhiteElo "2064"]
[BlackElo "1915"]
[PlyCount "31"]
[EventDate "2024.08.10"]
[WhiteTeam "SC Kreuzberg e.V."]
[BlackTeam "SF Berlin 1903 e.V."]

1. d4 Nf6 2. c4 g6 3. Nc3 Bg7 4. e4 d6 5. g3 O-O 6. Bg2 c5 7. d5 e6 8. Nge2
exd5 9. cxd5 a6 10. a4 Nbd7 11. O-O Rb8 12. Rb1 a5 13. Nb5 Qe7 14. Nec3 Nb6 15.
Nxd6 Nfxd5 16. Nxc8 1-0

[Event "Lichtenberger Sommer 2024"]
[Site "Berlin"]
[Date "2024.08.18"]
[Round "9.43"]
[White "Shevlyakov, Aleksandr"]
[Black "Muskewitz, Bernd"]
[Result "1/2-1/2"]
[WhiteElo "1824"]
[BlackElo "1927"]
[PlyCount "116"]
[EventDate "2024.08.10"]
[WhiteTeam "vereinslos"]
[BlackTeam "SF Nordost Berlin"]

1. d4 Nf6 2. c4 g6 3. Nc3 Bg7 4. e4 d6 5. Be2 O-O 6. Be3 Nbd7 7. Nf3 b6 8. Nd2
Bb7 9. b4 c5 10. bxc5 dxc5 11. e5 cxd4 12. Bxd4 Ne8 13. Nf3 Nc7 14. Nb5 Ne6 15.
Bb2 a6 16. Nbd4 Nf4 17. e6 Nc5 18. exf7+ Rxf7 19. O-O Nxe2+ 20. Qxe2 Bxf3 21.
Nxf3 Qd3 22. Qxd3 Nxd3 23. Bxg7 Kxg7 24. Rab1 Rf6 25. Rfd1 Nc5 26. Ne5 Rc8 27.
Nd7 Nxd7 28. Rxd7 Kf7 29. Rd4 Rfc6 30. g3 Ke6 31. Re4+ Kd7 32. Rbe1 e6 33. Rd1+
Rd6 34. Rxd6+ Kxd6 35. f4 Rc5 36. Rd4+ Kc6 37. Re4 Kd6 38. Rd4+ Ke7 39. Kf2 Ra5
40. Rd2 Ra4 41. Rc2 Kd6 42. Ke3 e5 43. c5+ bxc5 44. fxe5+ Kxe5 45. Rxc5+ Kd6
46. Rc2 g5 47. h3 h5 48. Kf3 h4 49. gxh4 Rxh4 50. Rg2 Ra4 51. Rxg5 Rxa2 52. h4
Ke6 53. h5 Kf7 54. h6 Rh2 55. Rg7+ Kf8 56. Rg6 a5 57. Ra6 Kg8 58. Rxa5 Rxh6
1/2-1/2

[Event "Lichtenberger Sommer 2024"]
[Site "Berlin"]
[Date "2024.08.18"]
[Round "9.44"]
[White "Fock, Madiha"]
[Black "Rauscher, Joachim"]
[Result "1-0"]
[WhiteElo "1922"]
[BlackElo "1803"]
[PlyCount "93"]
[EventDate "2024.08.10"]
[WhiteTeam "TSG Oberschöneweide e.V."]
[BlackTeam "SC Brett vorm Kopp Ffm"]

1. e4 c5 2. Nf3 d6 3. d4 cxd4 4. Nxd4 Nf6 5. Nc3 g6 6. Be3 Bg7 7. f3 O-O 8. Qd2
Nc6 9. Bc4 Bd7 10. Bb3 Rc8 11. O-O-O Ne5 12. Kb1 Nc4 13. Bxc4 Rxc4 14. g4 Re8
15. h4 h5 16. gxh5 Nxh5 17. b3 Rc5 18. Nde2 Ra5 19. Bd4 Ra6 20. Bxg7 Kxg7 21.
Qe3 Qb6 22. Qg5 Be6 23. Rhg1 Qa5 24. Qd2 Qb6 25. Rg5 Ra5 26. Nd5 Bxd5 27. Rxh5
gxh5 28. Qg5+ Kh7 29. Qxh5+ Kg7 30. Rg1+ Qxg1+ 31. Nxg1 Rh8 32. Qg5+ Kf8 33.
exd5 Rg8 34. Qe3 Rxd5 35. Kb2 b6 36. Ne2 Re5 37. Qh6+ Ke8 38. Nc3 b5 39. Qh7
Rg2 40. Qh8+ Kd7 41. Qb8 Rc5 42. b4 Rh5 43. Qb7+ Ke6 44. f4 Rh2 45. Qc8+ Kf6
46. Ne4+ Kg6 47. Qg8+ 1-0

[Event "Lichtenberger Sommer 2024"]
[Site "Berlin"]
[Date "2024.08.18"]
[Round "9.45"]
[White "Aisch, Julian"]
[Black "Jeß, Arne"]
[Result "1-0"]
[WhiteElo "1622"]
[BlackElo "1918"]
[PlyCount "143"]
[EventDate "2024.08.10"]
[WhiteTeam "SF Nordost Berlin"]
[BlackTeam "TSG Rot-Weiß Fredersdorf/Vogelsd"]

1. d4 d5 2. c4 c6 3. cxd5 cxd5 4. Nf3 Nc6 5. Nc3 Nf6 6. Bf4 Qb6 7. Qd3 Nb4 8.
Qd1 Bf5 9. Rc1 Nc6 10. Qa4 e6 11. a3 a6 12. b4 Rc8 13. e3 Be7 14. Qd1 O-O 15.
Bd3 Bxd3 16. Qxd3 h6 17. O-O Nh5 18. Be5 f6 19. Bg3 Nxg3 20. hxg3 f5 21. Na4
Qd8 22. Nc5 Bxc5 23. Rxc5 Qd6 24. Rfc1 Ne7 25. Ne5 Rxc5 26. bxc5 Qc7 27. Qc3
Nc6 28. Nd3 Rc8 29. Rb1 Na5 30. Qb4 Kf7 31. Nb2 Nc6 32. Qa4 Na7 33. Nd3 Nc6 34.
Rb6 Rb8 35. Nb2 Ke7 36. Nd1 Na7 37. Nc3 Nc6 38. Qb3 Na5 39. Qb1 Nc4 40. Qb4
Nxb6 41. cxb6+ Qd6 42. Qb2 Rc8 43. a4 Rc4 44. Ne2 Qb4 45. Qa1 Qxb6 46. Nf4 Qb4
47. Qd1 Qxa4 48. Qb1 Qb4 49. Qd1 Qb5 50. Ng6+ Kd6 51. g4 Rb4 52. Qf3 Kc6 53.
gxf5 exf5 54. Ne7+ Kd6 55. Nxf5+ Kc6 56. Ne7+ Kd6 57. Nf5+ Kd7 58. Nxg7 Qc6 59.
Qf7+ Kc8 60. Qf8+ Kc7 61. Qxb4 Qc2 62. Ne6+ Kb8 63. Qd6+ Ka8 64. Qxd5 Qb1+ 65.
Kh2 Qb6 66. Nc5 a5 67. Nxb7 Qxb7 68. Qxa5+ Kb8 69. Qd8+ Ka7 70. d5 Qf7 71. Qh4
Qxd5 72. Qd4+ 1-0

[Event "Lichtenberger Sommer 2024"]
[Site "Berlin"]
[Date "2024.08.18"]
[Round "9.46"]
[White "Kapp, Frank"]
[Black "Regel, Michael"]
[Result "1/2-1/2"]
[WhiteElo "1905"]
[BlackElo "1804"]
[PlyCount "93"]
[EventDate "2024.08.10"]
[WhiteTeam "TSV IFA Chemnitz"]
[BlackTeam "SC Friesen Lichtenberg e.V."]

1. d4 d5 2. Bf4 Nf6 3. Nf3 Bf5 4. e3 Nbd7 5. Bd3 Bxd3 6. cxd3 e6 7. O-O Be7 8.
Nc3 c6 9. h3 O-O 10. Qb3 Qb6 11. Qc2 Rac8 12. Ne5 c5 13. Nxd7 Nxd7 14. Na4 Qa6
15. dxc5 Nxc5 16. Nxc5 Rxc5 17. Qd2 Rfc8 18. Rfc1 Qc6 19. e4 Rxc1+ 20. Rxc1
Qxc1+ 21. Qxc1 Rxc1+ 22. Bxc1 dxe4 23. dxe4 Bc5 24. Kf1 Kf8 25. Ke2 Ke7 26. e5
Kd7 27. f4 Kc6 28. Kd3 Kd5 29. Bd2 Bd4 30. b3 f6 31. exf6 gxf6 32. Be3 Bxe3 33.
Kxe3 e5 34. g4 exf4+ 35. Kxf4 Ke6 36. h4 Kf7 37. Kf5 Kg7 38. a4 a5 39. g5 fxg5
40. Kxg5 h6+ 41. Kf5 Kf7 42. h5 b6 43. Ke5 Ke7 44. Kd5 Kd7 45. Ke5 Ke7 46. Kd5
Kd7 47. Ke5 1/2-1/2

[Event "Lichtenberger Sommer 2024"]
[Site "Berlin"]
[Date "2024.08.18"]
[Round "9.47"]
[White "Besbudak, Özgür"]
[Black "Schulz-Vernholz, Daniel"]
[Result "1/2-1/2"]
[WhiteElo "1889"]
[BlackElo "1400"]
[PlyCount "111"]
[EventDate "2024.08.10"]
[WhiteTeam "SF Berlin 1903 e.V."]
[BlackTeam "vereinslos"]

1. e4 c6 2. Nf3 d5 3. d3 Bg4 4. e5 e6 5. d4 c5 6. c3 Nc6 7. Be2 Bxf3 8. Bxf3
cxd4 9. cxd4 Nge7 10. Nc3 Nf5 11. Be3 Be7 12. Qd2 Nh4 13. Rg1 Nxf3+ 14. gxf3 g6
15. a3 f5 16. Bg5 Bxg5 17. Rxg5 Nxd4 18. Qxd4 Qxg5 19. Qa4+ Kf7 20. Ke2 a6 21.
Rd1 f4 22. Qd4 Rhd8 23. Na4 Rac8 24. Nc5 Qf5 25. Nxb7 Rc2+ 26. Ke1 Qg5 27.
Nxd8+ Qxd8 28. Qxf4+ Kg8 29. Rd2 Qc8 30. Qa4 Rc4 31. Qb3 Qc7 32. Qe3 Rh4 33. f4
Rxh2 34. Qd3 Qb6 35. b4 Rh1+ 36. Ke2 Rh2 37. Ke1 Rh1+ 38. Ke2 Rh2 39. Kf1 Rh4
40. Qg3 Rh5 41. Kg2 Rf5 42. Rc2 Rf7 43. Qe3 d4 44. Qe4 Rd7 45. Qd3 Kf7 46. Rc5
h5 47. Kg3 Kg7 48. Ra5 Rc7 49. f3 Rc6 50. Kh4 Qd8+ 51. Kg3 Qb6 52. Kg2 Kh6 53.
Qd2 Kg7 54. Qd3 Kh6 55. Qd2 Kg7 56. Qd3 1/2-1/2